Choosing a mate. (Record no. 14668)

000 -LEADER
fixed length control field 00915nam a2200229 a 4500
001 - CONTROL NUMBER
control field :::00012501$&:&@@
003 - CONTROL NUMBER IDENTIFIER
control field OkBaRHE
005 - DATE AND TIME OF LATEST TRANSACTION
control field 20000607103420.0
008 - FIXED-LENGTH DATA ELEMENTS--GENERAL INFORMATION
fixed length control field s1984 j 000 0 eng u
020 ## - INTERNATIONAL STANDARD BOOK NUMBER
International Standard Book Number 0892743417
040 ## - CATALOGING SOURCE
Transcribing agency
100 1# - MAIN ENTRY--PERSONAL NAME
Personal name Stewart, Ken.
9 (RLIN) 203
245 10 - TITLE STATEMENT
Title Choosing a mate.
260 ## - PUBLICATION, DISTRIBUTION, ETC. (IMPRINT)
Place of publication, distribution, etc Tulsa, OK., :
Name of publisher, distributor, etc Harrison House
Date of publication, distribution, etc c1984
300 ## - PHYSICAL DESCRIPTION
Extent 72 p. ;
Dimensions 18 cm.
650 ## - SUBJECT ADDED ENTRY--TOPICAL TERM
Topical term or geographic name as entry element Marriage
9 (RLIN) 154
650 ## - SUBJECT ADDED ENTRY--TOPICAL TERM
Topical term or geographic name as entry element Mate Selection
9 (RLIN) 204
942 ## - ADDED ENTRY ELEMENTS (KOHA)
Source of classification or shelving scheme
Koha item type Books
Copies
Date last seen Total Renewals Total Checkouts Price effective from Damaged status Lost status Barcode Full call number Date acquired Source of classification or shelving scheme Date checked out Not for loan Shelving location Permanent Location Current Location Koha item type Copy number Withdrawn status
2017-03-21 22010-04-14  12501HQ 734 .S72010-04-14 2017-03-03 General StacksRHEMA Bible Training CollegeRHEMA Bible Training CollegeBooks1 
2010-10-02 12010-04-14  15394HQ 734 .S72010-04-14 2010-09-30 General StacksRHEMA Bible Training CollegeRHEMA Bible Training CollegeBooks2 
2012-02-15122010-04-14  00021104HQ 734 .S72010-04-14 2012-02-09 General StacksRHEMA Bible Training CollegeRHEMA Bible Training CollegeBooks3